000 00462nam a2200181 a 4500
001 4502
003 CO-ViMGA
008 141112s2004 ck r 000 u spa d
040 _aCO-ViMGA
_bspa
_cCO-ViMGA
082 0 4 _a372.66 G317i
100 1 _aGonzález Torices, Jose
_955292
245 1 0 _aTeatro infantil
260 _aMadrid :
_bEverest,
_c1988
300 _a263 p : il
490 _aFocos y bambulinas
650 1 4 _aTEATRO INFANTIL
_955293
942 _2ddc
_cBK
999 _c16512
_d16512